00722nam a2200229 a 4500001001300000003000900013005001700022008004100039020002300080082001300103100002800116245008000144260003600224300000900260500003500269505002400304650001800328902000800346942000700354952011400361999001700475nice12345678IN_TiNIC20260116013653.0050524s1995 newa grp 000 0 eng  a8173046 c40000a954bBOU aBoussac, Marie-Francois aAthens, Aden, Arikamedub Essays on the Interrelations Betwen India, Arabia aNew Delhi bManohar Pub. c1995 a272p aincludes index and biblioraphy2 aBibliography, Index aIndia-Ancient bSRS cBK 001040708StackRoom-aHMIbHMId2007-04-03g400.00l0o954 BOUp016915r2007-04-03v400.00w2005-05-24yBK c11889d11889